ბათუმის შოთა რუსთაველის სახელმწიფო უნივერსიტეტის ბიბლიოთეკა

Интернет шаг второй : (ბიბ.ჩანაწერი № 42524)

000 -LEADER
fixed length control field 00738nam a2200193Ia 4500
001 - CONTROL NUMBER
control field 9221
003 - CONTROL NUMBER IDENTIFIER
control field GE_BSU
005 - DATE AND TIME OF LATEST TRANSACTION
control field 20240610154041.0
008 - FIXED-LENGTH DATA ELEMENTS--GENERAL INFORMATION
fixed length control field 181216s2002||||ru |||||||||||||| ||rus||
020 ## - INTERNATIONAL STANDARD BOOK NUMBER
International Standard Book Number 5943870180
040 ## - CATALOGING SOURCE
Transcribing agency GE_BSU
080 ## - UNIVERSAL DECIMAL CLASSIFICATION NUMBER
Universal Decimal Classification number 004.738.5 Ф-59
100 ## - MAIN ENTRY--PERSONAL NAME
Personal name Финков, М. В.
9 (RLIN) 22380
245 ## - TITLE STATEMENT
Title Интернет шаг второй :
Remainder of title лот поьзователя к профессионалу /
Statement of responsibility, etc. М.В. Финков ; Под ред. С. П. Корякина-Черняка.
264 ## - PRODUCTION, PUBLICATION, DISTRIBUTION, MANUFACTURE, AND COPYRIGHT NOTICE
Place of production, publication, distribution, manufacture СПБ :
Name of producer, publisher, distributor, manufacturer Наука и техника,
Date of production, publication, distribution, manufacture, or copyright notice 2002.
300 ## - PHYSICAL DESCRIPTION
Extent 768 стр. ;
Other physical details илл.
653 ## - INDEX TERM--UNCONTROLLED
keyword Интернет шаг второй:от пользователя к профессионалу
942 ## - ADDED ENTRY ELEMENTS (KOHA)
Koha item type წიგნი
Source of classification or shelving scheme
ეგზემპლარები
Withdrawn status Lost status Source of classification or shelving scheme Damaged status Not for loan Permanent Location Current Location Shelving location Date acquired Full call number Barcode Date last seen Copy number Price effective from Koha item type
          ბათუმის შოთა რუსთაველის სახელმწიფო უნივერსიტეტის მთავარი ბიბლიოთეკა ბათუმის შოთა რუსთაველის სახელმწიფო უნივერსიტეტის მთავარი ბიბლიოთეკა წიგნსაცავი 2018-12-17 004.738.5 Ф-59 26821 2018-12-17 26821 2018-12-17 წიგნი